[Event "8. Arber-Schachopen 2019"]
[Site "Bodenmais"]
[Date "2019.07.28"]
[Round "2.24"]
[White "McPherson, Elisha"]
[Black "Hoffmann, Tim"]
[Result "0-1"]
[WhiteElo "1705"]
[BlackElo "2147"]
[Annotator "TA"]
[PlyCount "120"]
[EventDate "2019.07.27"]
[EventCountry "GER"]
[SourceTitle "playchess.com"]
[Source "ChessBase"]
[SourceQuality "1"]

{[%evp 9,120,12,22,-11,-5,0,-14,-22,-10,-80,37,-38,-41,-31,-14,-27,-30,-22,25,24,39,9,46,46,49,25,17,12,13,7,0,-21,25,25,50,16,37,47,52,10,6,0,62,42,29,0,17,-7,-7,-105,-100,-116,-106,-102,-90,-240,-242,-226,-214,-241,-259,-304,-308,-743,-750,-751,-752,-618,-733,-735,-734,-716,-696,-688,-731,-1125,-1059,-1714,-1679,-1588,-1307,-2410,-4770,-2317,-2304,-29973,-29974,-29974,-29975,-29976,-29973,-29983,-29984,-29984,-29985,-29988,-29989,-29989,-29990,-29990,-29991,-29993,-29992,-29995,-29996,-29996,-29997,-29997,-29993,-29993,-29994,-29994,-5393]} 1. e4 c5 2. Nc3 d6 3. f4 g6 4. Nf3 Bg7 5. Bb5+ Bd7 6. Bc4 {B23: Closed Sicilian: Lines without g3} (6. a4 Nc6 7. O-O e6 8. Bxc6 Bxc6 9. Kh1 Nf6 10. d3 O-O 11. Be3 b6 12. Qe1 d5 13. e5 d4 14. exf6 Bxf6 {1-0 (67) Amonatov,F (2636)-Kokarev,D (2615) Riadh 2017}) 6... Nc6 7. d3 e6 8. Be3 {The position is equal.} Nge7 9. d4 $146 {[#]} (9. Bf2 $11) ({Predecessor:} 9. O-O a6 10. a4 Nd4 11. Ne2 Nxf3+ 12. Rxf3 b5 13. f5 gxf5 14. exf5 Nxf5 15. Rxf5 exf5 {1-0 (24) Schmalz,M (2040)-Gregor,J (2291) Ricany 2012}) 9... Qa5 (9... d5 $1 $17 {[%mdl 512] Hoping for ...cxd4.} 10. exd5 exd5 11. Bxd5 Nf5) 10. Qd2 (10. O-O $1 $14) 10... Qb4 $15 11. Nb5 {Strongly threatening c3.} O-O 12. Qxb4 Nxb4 13. O-O-O Bxb5 14. Bxb5 a6 15. Be2 cxd4 16. Bxd4 Rfd8 17. Bxg7 Kxg7 18. Kb1 d5 19. a3 Nbc6 20. e5 b5 21. g4 Rf8 22. Rhf1 f6 23. exf6+ Rxf6 24. Ng1 Raf8 25. Nh3 d4 (25... h6 $11) 26. Bf3 e5 27. c3 (27. Rfe1 {seems wilder.} exf4 28. c3 Rd6 29. Ng5 Rc8 30. cxd4 h6 31. Ne6+) 27... Rd6 28. Bxc6 (28. Rfe1 {keeps more tension.} Nd5 29. fxe5 Nxe5 30. Bxd5 Rxd5 31. Re4) 28... Nxc6 29. fxe5 (29. cxd4 $11 {keeps the balance.} exd4 30. Ng5) 29... Rxf1 $17 ({Reject} 29... Nxe5 $6 30. Rfe1 $11) 30. Rxf1 Nxe5 31. cxd4 Nxg4 $11 {[%mdl 4096] Endgame KRN-KRN} 32. Rf4 (32. Ng5 $17) 32... Nxh2 $19 33. Kc2 h5 34. Ng5 Ng4 35. Kd3 Rf6 36. Ke4 $2 (36. Nh3) 36... Nf2+ 37. Kf3 Rxf4+ 38. Kxf4 {KN-KN} Nd3+ 39. Ke4 Nxb2 40. Ne6+ Kf6 41. Nc7 Nc4 42. Nxa6 Nxa3 43. d5 Nc4 44. Nc5 g5 45. Nd7+ Ke7 46. Nc5 h4 47. Ne6 g4 {Black mates.} 48. Kf4 g3 49. Kf3 b4 50. Nd4 Nd2+ 51. Kg2 b3 52. Nf5+ Kd7 53. Nxh4 b2 54. Kxg3 b1=Q 55. Kf2 {[#]} Qe4 $1 56. Ng2 Qf3+ 57. Kg1 {[#]} Qg3 $1 58. d6 Nf3+ 59. Kf1 Kxd6 60. Nh4 Nxh4 {Accuracy: White = 15%, Black = 62%.} (60... Qe1+ $142 61. Kg2 Nxh4+ 62. Kh3 Ke5 63. Kg4 Qg1+ 64. Kh5 Qg3 65. Kh6 Qg6#) 0-1

[Event "8. Arber-Schachopen 2019"]
[Site "Bodenmais"]
[Date "2019.07.28"]
[Round "2.25"]
[White "Fauth, Dietmar"]
[Black "Gajewski, Richard"]
[Result "1-0"]
[WhiteElo "2122"]
[BlackElo "1690"]
[Annotator "TA"]
[PlyCount "97"]
[EventDate "2019.07.27"]
[EventCountry "GER"]
[SourceTitle "playchess.com"]
[Source "ChessBase"]
[SourceQuality "1"]

{[%evp 9,97,54,115,91,104,118,107,95,155,106,189,183,162,122,147,145,129,87,148,72,189,93,160,126,128,129,197,152,187,149,184,182,200,210,193,104,221,177,292,182,173,162,215,217,250,239,247,204,191,89,87,31,192,35,247,193,190,189,199,186,189,106,188,173,577,572,536,208,783,756,1025,1002,5302,5237,3128,3020,29969,5777,29980,29981,29986,29987,29987,29986,29986,29982,29991,29992,29992,29993]} 1. e4 e6 2. d4 Be7 3. Bd3 (3. Nc3 Nf6 4. Bd3 Nc6 5. a3 O-O 6. Nf3 d6 7. O-O Nd7 8. Be3 Bf6 9. Ne2 a5 10. Qd2 b6 {0-1 (93) Flying Saucers (2427)-Knilch,R (2472) playchess.com INT 2006}) 3... h6 $146 ({Predecessor:} 3... d6 4. c3 a6 5. f4 Nh6 6. Nf3 Ng4 7. O-O Nd7 8. h3 Ngf6 9. e5 Nd5 10. Qe2 O-O {1-0 (35) Keller,H (2030)-Moews,H (1726) Binz 2018}) 4. f4 b6 5. Nf3 d6 (5... d5 $14) 6. Qe2 {C01: French: Exchange Variation} Bb7 7. c4 Nd7 8. Nc3 {White is better.} a6 (8... e5 $142) 9. Bd2 g5 (9... c5 $16) 10. O-O-O gxf4 11. Bxf4 Bg5 12. Nxg5 hxg5 13. Bd2 e5 (13... Qe7 $142) 14. Qf2 (14. d5 $142) 14... Nh6 (14... exd4 $16 15. Qxd4 Ne5) 15. Be2 (15. d5 $18 {and White stays clearly on top.}) 15... Qe7 ({Black should try} 15... exd4 16. Qxd4 Qf6 17. Qxf6 Nxf6) 16. Nd5 Bxd5 17. cxd5 Nf6 (17... Qf6 $16 18. Qxf6 Nxf6) 18. Bd3 ({Worse is} 18. Bxg5 Nxe4 19. Bxe7 Nxf2 $17) 18... Nd7 19. Kb1 f6 20. Rc1 Kd8 21. h4 $1 g4 22. Rc3 ({Better is} 22. Be3 $18) 22... Ra7 (22... exd4 $16 23. Qxd4 Nf7) 23. Be3 Qg7 (23... Kc8 $142 24. dxe5 Nxe5) 24. Rf1 g3 25. Qf3 Nf7 (25... Qg4 {was worth a try.} 26. dxe5 dxe5) 26. h5 $18 exd4 27. Bxd4 Nfe5 28. Qe2 Nxd3 29. Qxd3 (29. Rxd3 $18 {has better winning chances. aiming for Rh1.} Kc8 30. Rh1) 29... Rxh5 $16 30. Qxg3 (30. a4 $16) 30... Rg5 $2 {[#]} (30... Qh7 $1 $14) 31. Qf3 $2 (31. Qh3 $1 $18) 31... Ne5 $2 (31... Rxg2 $14 32. Qh3 (32. Bxf6+ Nxf6 33. Qxf6+ Qxf6 $14) 32... Qg4) 32. Qxf6+ Qxf6 33. Rxf6 Rxg2 34. Bxe5 dxe5 $18 {[%mdl 4096] Endgame KRR-KRR} 35. Rf5 (35. Rf7 $18) 35... Rg7 (35... Rg1+ $16 36. Kc2 Rg2+ 37. Kb3 a5) 36. Rxe5 Re7 $2 (36... a5 {is more resistant.} 37. Rh5 a4 38. Rh8+ Kd7) 37. Rxe7 Kxe7 {KR-KR} 38. Kc2 $2 (38. e5) 38... Kd6 $2 (38... Kd7 39. Rh3 Ra8 40. Rh7+ Kd6 41. Rh6+ Kd7) 39. Rc6+ Kd7 40. e5 Ra8 41. e6+ Kd8 42. Kd3 Rc8 43. Ke4 (43. d6 $142 cxd6 {[#]} 44. e7+ $1 {[%mdl 576] Deflection} Kxe7 45. Rxc8 Kd7 46. Rc1 b5 47. b4 Ke8 48. Rc7) 43... Ke7 44. Ke5 {White mates.} a5 45. a4 Kd8 46. Rc2 Ke7 47. Rh2 Rf8 48. Rh7+ Kd8 49. e7+ {[%mdl 64] Double Attack. Accuracy: White = 43%, Black = 19%.} 1-0

[Event "8. Arber-Schachopen 2019"]
[Site "Bodenmais"]
[Date "2019.07.28"]
[Round "2.26"]
[White "Merkl, Michael"]
[Black "Gruettner, Ralf"]
[Result "1/2-1/2"]
[WhiteElo "1548"]
[BlackElo "2118"]
[Annotator "TA"]
[PlyCount "75"]
[EventDate "2019.07.27"]
[EventCountry "GER"]
[SourceTitle "playchess.com"]
[Source "ChessBase"]
[SourceQuality "1"]

{[%evp 17,75,0,0,0,0,9,41,34,38,22,50,49,47,42,45,43,54,45,39,49,51,44,61,29,60,35,35,33,37,35,41,32,36,0,0,0,35,32,47,47,47,45,53,49,61,49,60,44,73,48,51,38,46,8,25,25,47,47,56,21]} 1. e4 e5 2. Nf3 Nc6 3. Bc4 Bc5 4. c3 Nf6 5. d3 d6 6. h3 a6 7. Bb3 Ba7 8. Nbd2 {[%cal Bb1d2,Bd2f1,Bf1g3][%mdl 32]} O-O 9. Nf1 d5 10. Qe2 {C54: Giuoco Piano: 4 c3 Nf6, main lines with 5 d4 and 5 d3} dxe4 11. dxe4 Be6 12. Bxe6 fxe6 13. Ng3 $146 ({Predecessor:} 13. Be3 Bxe3 14. Qxe3 Nh5 15. g3 Nf6 16. N1d2 Qe8 17. O-O Qh5 {1-0 (38) Rodriguez Vila,A (2538)-Mahia,G (2424) San Luis 2007}) 13... Qe8 14. Be3 Bxe3 15. Qxe3 Rd8 16. O-O Qe7 17. Rad1 Rd6 18. Rd2 Rxd2 19. Qxd2 h6 20. Rd1 Kh7 21. Qe3 Rd8 22. Rxd8 Qxd8 23. Qd2 Qe7 24. Qd3 Nd7 25. b4 Qd6 26. Ne1 (26. Qd2 {with more complications.} Na7 27. Qc2 c5 28. a3 Nb5 29. Qb3) 26... Kg6 27. Nf1 Qxd3 28. Nxd3 $14 {[%mdl 4096] Endgame KNN-KNN} Kf6 29. Ne3 Ke7 30. Kf1 Nd8 31. Ke2 Nf7 32. f3 Nd6 33. Kd2 b6 34. Nb2 c5 35. Nbc4 cxb4 36. cxb4 Nxc4+ 37. Nxc4 b5 38. Na5 {Accuracy: White = 38%, Black = 47%.} 1/2-1/2

[Event "8. Arber-Schachopen 2019"]
[Site "Bodenmais"]
[Date "2019.07.29"]
[Round "3.1"]
[White "Woelk, Tom-Frederic"]
[Black "Delchev, Aleksander"]
[Result "0-1"]
[WhiteElo "2229"]
[BlackElo "2571"]
[Annotator "ChessBase"]
[PlyCount "70"]
[EventDate "2019.07.27"]
[EventCountry "GER"]
[SourceTitle "playchess.com"]
[Source "ChessBase"]
[SourceQuality "1"]
[TimeControl "40/5400+30:1800+30"]

1. d4 {[%emt 0:00:00]} Nf6 {[%emt 0:04:40]} 2. c4 {[%emt 0:00:00]} e6 {[%emt 0:00:06]} 3. Nc3 {[%emt 0:00:04]} Bb4 {[%emt 0:00:07]} 4. f3 {[%emt 0:00:08]} d5 {[%emt 0:01:28]} 5. a3 {[%emt 0:00:12]} Be7 {[%emt 0:00:49]} 6. cxd5 {[%emt 0:08:39]} exd5 {[%emt 0:04:20]} 7. e4 {[%emt 0:01:24]} dxe4 {[%emt 0:01:19]} 8. fxe4 {[%emt 0:00:09]} O-O {[%emt 0:01:37]} 9. Nf3 {[%emt 0:10:22]} c5 {[%emt 0:06:18]} 10. d5 {[%emt 0:09:42]} Bd6 {[%emt 0:00:19]} 11. Bd3 {[%emt 0:18:40]} Bg4 {[%emt 0:01:47]} 12. O-O {[%emt 0:02:20]} Nbd7 {[%emt 0:00:06]} 13. Qe1 {[%emt 0:02:34]} Re8 {[%emt 0:11:06]} 14. Bb5 {[%emt 0:06:48]} a6 {[%emt 0:06:10]} 15. Bxd7 {[%emt 0:00:07]} Nxd7 {[%emt 0:00:41]} 16. Bg5 {[%emt 0:07:04]} f6 {[%emt 0:05:08]} 17. Bh4 {[%emt 0:03:15]} b5 {[%emt 0:05:23]} 18. Bg3 {[%emt 0:00:34]} Nb6 {[%emt 0:00:24]} 19. Bxd6 {[%emt 0:00:48]} Qxd6 {[%emt 0:00:03]} 20. Qh4 {[%emt 0:00:38]} Bxf3 {[%emt 0:03:26]} 21. gxf3 {[%emt 0:00:35]} Nc4 {[%emt 0:04:38]} 22. Rf2 {[%emt 0:00:35]} b4 {[%emt 0:01:33]} 23. Na4 {[%emt 0:07:05]} Ne5 {[%emt 0:11:54]} 24. Qg3 {[%emt 0:00:13]} c4 {[%emt 0:01:49]} 25. Rc2 {[%emt 0:03:08]} a5 {[%emt 0:03:17]} 26. f4 {[%emt 0:03:03]} Nd3 {[%emt 0:00:04]} 27. Rxc4 {[%emt 0:00:19]} Nxf4 {[%emt 0:00:06]} 28. Kh1 {[%emt 0:00:45]} Rac8 {[%emt 0:01:26]} 29. Rxc8 {[%emt 0:01:04]} Rxc8 {[%emt 0:00:01]} 30. axb4 {[%emt 0:00:09]} Qe5 {[%emt 0:02:22]} 31. Qf3 {[%emt 0:01:37]} Rc2 {[%emt 0:06:02]} 32. Rg1 {[%emt 0:06:43]} Nh3 {[%emt 0:05:33]} 33. Qxh3 {[%emt 0:02:02]} Qxe4+ {[%emt 0:00:03]} 34. Qg2 {[%emt 0:00:07]} Rxg2 {[%emt 0:00:03]} 35. Rxg2 {[%emt 0:00:08]} axb4 {[%emt 0:00:20] Rg3} 0-1

[Event "8. Arber-Schachopen 2019"]
[Site "Bodenmais"]
[Date "2019.07.29"]
[Round "3.2"]
[White "Mirzoev, Emil"]
[Black "Senner, Peter"]
[Result "1-0"]
[WhiteElo "2493"]
[BlackElo "2231"]
[Annotator "ChessBase"]
[PlyCount "51"]
[EventDate "2019.07.27"]
[EventCountry "GER"]
[SourceTitle "playchess.com"]
[Source "ChessBase"]
[SourceQuality "1"]
[TimeControl "40/5400+30:1800+30"]

1. c4 {[%emt 0:05:40]} e5 {[%emt 0:00:00]} 2. Nc3 {[%emt 0:00:05]} d6 {[%emt 0:00:00]} 3. d4 {[%emt 0:00:21]} Be7 {[%emt 0:00:26]} 4. Nf3 {[%emt 0:00:34]} Nc6 {[%emt 0:03:40]} 5. g3 {[%emt 0:03:26]} f5 {[%emt 0:00:24]} 6. d5 {[%emt 0:02:10]} Nb8 {[%emt 0:00:38]} 7. e4 {[%emt 0:00:26]} Nf6 {[%emt 0:02:10]} 8. exf5 {[%emt 0:06:00]} Bxf5 {[%emt 0:00:11]} 9. Bd3 {[%emt 0:00:09]} e4 {[%emt 0:06:27]} 10. Nd4 {[%emt 0:01:42]} Bg4 {[%emt 0:00:40]} 11. Be2 {[%emt 0:00:05]} Bd7 {[%emt 0:10:44]} 12. Qc2 {[%emt 0:01:37]} c5 {[%emt 0:00:32]} 13. Nb3 {[%emt 0:08:14]} Bf5 {[%emt 0:07:54]} 14. Nd2 {[%emt 0:00:26]} Qa5 {[%emt 0:15:18]} 15. O-O {[%emt 0:01:34]} O-O {[%emt 0:01:42]} 16. Ndxe4 {[%emt 0:00:42]} Bh3 {[%emt 0:01:39]} 17. Rd1 {[%emt 0:02:34]} Nxe4 {[%emt 0:03:49]} 18. Nxe4 {[%emt 0:00:19]} Nd7 {[%emt 0:00:17]} 19. Bd2 {[%emt 0:04:50]} Qd8 {[%emt 0:01:04]} 20. f4 {[%emt 0:00:34]} Bf6 {[%emt 0:11:21]} 21. Bc3 {[%emt 0:01:14]} Bd4+ {[%emt 0:00:35]} 22. Bxd4 {[%emt 0:00:31]} cxd4 {[%emt 0:00:06]} 23. Ng5 {[%emt 0:01:04]} Bf5 {[%emt 0:02:04]} 24. Bd3 {[%emt 0:00:18]} h6 {[%emt 0:00:39]} 25. Bxf5 {[%emt 0:01:21]} hxg5 {[%emt 0:00:09]} 26. Be6+ {[%emt 0:00:48]} 1-0

[Event "8. Arber-Schachopen 2019"]
[Site "Bodenmais"]
[Date "2019.07.29"]
[Round "3.3"]
[White "Vuckovic, Zarko"]
[Black "Pap, Misa"]
[Result "0-1"]
[WhiteElo "2214"]
[BlackElo "2461"]
[Annotator "ChessBase"]
[PlyCount "34"]
[EventDate "2019.07.27"]
[EventCountry "GER"]
[SourceTitle "playchess.com"]
[Source "ChessBase"]
[SourceQuality "1"]
[TimeControl "40/5400+30:1800+30"]

1. e4 {[%emt 0:00:00]} e5 {[%emt 0:00:06]} 2. Nf3 {[%emt 0:00:00]} Nc6 {[%emt 0:00:09]} 3. d4 {[%emt 0:00:00]} exd4 {[%emt 0:00:06]} 4. Bc4 {[%emt 0:00:00]} Nf6 {[%emt 0:00:21]} 5. e5 {[%emt 0:00:00]} d5 {[%emt 0:00:05]} 6. Bb5 {[%emt 0:00:00]} Nd7 {[%emt 0:00:22]} 7. O-O {[%emt 0:00:03]} Be7 {[%emt 0:00:12]} 8. Re1 {[%emt 0:01:11]} O-O {[%emt 0:03:17]} 9. e6 {[%emt 0:09:56]} fxe6 {[%emt 0:01:55]} 10. Bxc6 {[%emt 0:00:06]} bxc6 {[%emt 0:00:07]} 11. Nxd4 {[%emt 0:00:05]} Bc5 {[%emt 0:31:37]} 12. Rxe6 {[%emt 0:08:08]} Nf6 {[%emt 0:08:55]} 13. Re2 {[%emt 0:23:27]} Ng4 {[%emt 0:09:17]} 14. f3 {[%emt 0:19:25]} Ba6 {[%emt 0:03:32]} 15. c3 {[%emt 0:00:42]} Bxe2 {[%emt 0:05:39]} 16. Qxe2 {[%emt 0:00:09]} Re8 {[%emt 0:05:12]} 17. Qf1 {[%emt 0:00:10]} Qh4 {[%emt 0:00:21]} 0-1

[Event "8. Arber-Schachopen 2019"]
[Site "Bodenmais"]
[Date "2019.07.29"]
[Round "3.4"]
[White "Milov, Leonid"]
[Black "Hoffmann, Sebastian"]
[Result "1-0"]
[WhiteElo "2472"]
[BlackElo "2199"]
[Annotator "ChessBase"]
[PlyCount "96"]
[EventDate "2019.07.27"]
[EventCountry "GER"]
[SourceTitle "playchess.com"]
[Source "ChessBase"]
[SourceQuality "1"]
[TimeControl "40/5400+30:1800+30"]

1. f4 {[%emt 0:00:00]} d5 {[%emt 0:00:00]} 2. Nf3 {[%emt 0:00:00]} g6 {[%emt 0:00:28]} 3. g3 {[%emt 0:00:08]} Bg7 {[%emt 0:00:09]} 4. d3 {[%emt 0:00:26]} Nf6 {[%emt 0:00:39]} 5. Bg2 {[%emt 0:00:06]} O-O {[%emt 0:00:35]} 6. O-O {[%emt 0:00:05]} c5 {[%emt 0:01:26]} 7. c3 {[%emt 0:00:09]} Nc6 {[%emt 0:00:46]} 8. Na3 {[%emt 0:00:18]} Qc7 {[%emt 0:02:14]} 9. Qc2 {[%emt 0:01:07]} e5 {[%emt 0:00:50]} 10. e4 {[%emt 0:17:00]} dxe4 {[%emt 0:09:00]} 11. dxe4 {[%emt 0:00:12]} exf4 {[%emt 0:02:15]} 12. Bxf4 {[%emt 0:00:45]} Qe7 {[%emt 0:02:12]} 13. Rae1 {[%emt 0:22:57]} Bg4 {[%emt 0:17:10]} 14. Nc4 {[%emt 0:07:13]} Bxf3 {[%emt 0:06:58]} 15. Bxf3 {[%emt 0:01:17]} Rfd8 {[%emt 0:09:08]} 16. e5 {[%emt 0:02:26]} Nd5 {[%emt 0:04:21]} 17. Nd6 {[%emt 0:00:42]} Nxf4 {[%emt 0:08:21]} 18. gxf4 {[%emt 0:00:16]} Rxd6 {[%emt 0:07:23]} 19. exd6 {[%emt 0:00:36]} Qxd6 {[%emt 0:00:06]} 20. Rd1 {[%emt 0:10:22]} Qc7 {[%emt 0:05:20]} 21. Qf2 {[%emt 0:09:19]} Bf8 {[%emt 0:01:07]} 22. Bxc6 {[%emt 0:07:46]} Qxc6 {[%emt 0:00:47]} 23. Qf3 {[%emt 0:00:12]} Qc7 {[%emt 0:04:40]} 24. Qe4 {[%emt 0:02:36]} c4 {[%emt 0:02:28]} 25. Kh1 {[%emt 0:00:39]} Rc8 {[%emt 0:01:25]} 26. Rd2 {[%emt 0:00:34]} Bh6 {[%emt 0:06:27]} 27. Rd4 {[%emt 0:01:50]} Kf8 {[%emt 0:04:34]} 28. Qe5 {[%emt 0:07:20]} Bg7 {[%emt 0:00:30]} 29. Qxc7 {[%emt 0:00:27]} Rxc7 {[%emt 0:00:01]} 30. Rd8+ {[%emt 0:00:54]} Ke7 {[%emt 0:00:01]} 31. Rg8 {[%emt 0:01:21]} Bf6 {[%emt 0:01:47]} 32. Kg2 {[%emt 0:00:55]} Kd6 {[%emt 0:01:22]} 33. Kf3 {[%emt 0:00:21]} b5 {[%emt 0:00:19]} 34. Rb8 {[%emt 0:01:51]} Kc5 {[%emt 0:00:37]} 35. Rd1 {[%emt 0:00:29]} h5 {[%emt 0:01:15]} 36. Rd2 {[%emt 0:01:42]} Kc6 {[%emt 0:00:40]} 37. a4 {[%emt 0:01:21]} a6 {[%emt 0:00:29]} 38. a5 {[%emt 0:00:36]} Kc5 {[%emt 0:00:28]} 39. Rb6 {[%emt 0:00:45]} Rc6 {[%emt 0:00:22]} 40. Rd7 {[%emt 0:00:42]} Bh8 {[%emt 0:00:45]} 41. Rb8 {[%emt 0:32:04]} Bf6 {[%emt 0:03:15]} 42. Rxf7 {[%emt 0:00:00]} Bh4 {[%emt 0:05:58]} 43. Rfb7 {[%emt 0:00:00]} Be1 {[%emt 0:13:32]} 44. Rb6 {[%emt 0:00:00]} Bd2 {[%emt 0:01:43]} 45. Rxc6+ {[%emt 0:00:00]} Kxc6 {[%emt 0:00:01]} 46. Rb6+ {[%emt 0:00:00]} Kc5 {[%emt 0:02:01]} 47. Rxa6 {[%emt 0:00:00]} b4 {[%emt 0:00:20]} 48. Rxg6 {[%emt 0:00:00]} Kd5 {Ke4+} 1-0

[Event "8. Arber-Schachopen 2019"]
[Site "Bodenmais"]
[Date "2019.07.29"]
[Round "3.5"]
[White "Kleibel, Uwe"]
[Black "Peng, Li Min"]
[Result "0-1"]
[WhiteElo "2217"]
[BlackElo "2466"]
[Annotator "ChessBase"]
[PlyCount "68"]
[EventDate "2019.07.27"]
[EventCountry "GER"]
[SourceTitle "playchess.com"]
[Source "ChessBase"]
[SourceQuality "1"]
[TimeControl "40/5400+30:1800+30"]

1. e4 {[%emt 0:00:00]} c5 {[%emt 0:04:27]} 2. Nf3 {[%emt 0:00:00]} e6 {[%emt 0:00:16]} 3. g3 {[%emt 0:00:00]} Nc6 {[%emt 0:00:16]} 4. Bg2 {[%emt 0:00:00]} Nf6 {[%emt 0:00:10]} 5. Qe2 {[%emt 0:00:09]} g6 {[%emt 0:00:07]} 6. O-O {[%emt 0:01:59]} Bg7 {[%emt 0:00:03]} 7. c3 {[%emt 0:00:16]} O-O {[%emt 0:00:04]} 8. d4 {[%emt 0:00:06]} d5 {[%emt 0:00:03]} 9. exd5 {[%emt 0:01:32]} exd5 {[%emt 0:00:04]} 10. dxc5 {[%emt 0:00:46]} Re8 {[%emt 0:00:03]} 11. Qb5 {[%emt 0:00:58]} Bd7 {[%emt 0:01:02]} 12. Qxb7 {[%emt 0:08:47]} Rb8 {[%emt 0:07:37]} 13. Qa6 {[%emt 0:00:44]} Qe7 {[%emt 0:00:01]} 14. Qa3 {[%emt 0:02:26]} Qe2 {[%emt 0:23:11]} 15. Nd4 {[%emt 0:13:12]} Nxd4 {[%emt 0:01:03]} 16. cxd4 {[%emt 0:03:50]} Ng4 {[%emt 0:00:01]} 17. Nc3 {[%emt 0:02:16]} Qc2 {[%emt 0:00:13]} 18. Qxa7 {[%emt 0:12:48]} Bf5 {[%emt 0:14:46]} 19. Bxd5 {[%emt 0:21:02]} Bxd4 {[%emt 0:03:39]} 20. Qxf7+ {[%emt 0:14:22]} Kh8 {[%emt 0:00:01]} 21. Bb3 {[%emt 0:00:11]} Qd3 {[%emt 0:00:01]} 22. Qc4 {[%emt 0:05:10]} Bxf2+ {[%emt 0:10:51]} 23. Kg2 {[%emt 0:03:45]} Qxc4 {[%emt 0:01:45]} 24. Bxc4 {[%emt 0:00:02]} Bxc5 {[%emt 0:00:27]} 25. h3 {[%emt 0:04:05]} Ne3+ {[%emt 0:01:25]} 26. Bxe3 {[%emt 0:00:02]} Rxe3 {[%emt 0:01:59]} 27. Bb3 {[%emt 0:00:54]} Bd6 {[%emt 0:00:38]} 28. g4 {[%emt 0:03:22]} Rg3+ {[%emt 0:00:29]} 29. Kf2 {[%emt 0:00:01]} Bd3 {[%emt 0:00:02]} 30. Rh1 {[%emt 0:01:09]} Rf8+ {[%emt 0:00:04]} 31. Ke1 {[%emt 0:00:03]} Rg2 {[%emt 0:00:04]} 32. Bd5 {[%emt 0:01:29]} Rxb2 {[%emt 0:00:07]} 33. Kd1 {[%emt 0:00:32]} Be5 {[%emt 0:01:15]} 34. Rc1 {[%emt 0:00:12]} Rd8 {[%emt 0:00:17]} 0-1

[Event "8. Arber-Schachopen 2019"]
[Site "Bodenmais"]
[Date "2019.07.29"]
[Round "3.6"]
[White "Bensch, Patrick"]
[Black "Merkl, Michael"]
[Result "1-0"]
[WhiteElo "2197"]
[BlackElo "1548"]
[Annotator "ChessBase"]
[PlyCount "63"]
[EventDate "2019.07.27"]
[EventCountry "GER"]
[SourceTitle "playchess.com"]
[Source "ChessBase"]
[SourceQuality "1"]
[TimeControl "40/5400+30:1800+30"]

1. e4 {[%emt 0:00:00]} e5 {[%emt 0:00:00]} 2. Nf3 {[%emt 0:01:21]} Nc6 {[%emt 0:00:00]} 3. Bb5 {[%emt 0:00:39]} a6 {[%emt 0:00:00]} 4. Ba4 {[%emt 0:00:27]} Nf6 {[%emt 0:00:05]} 5. O-O {[%emt 0:00:35]} Be7 {[%emt 0:00:10]} 6. Re1 {[%emt 0:01:04]} b5 {[%emt 0:00:32]} 7. Bb3 {[%emt 0:00:21]} d6 {[%emt 0:00:17]} 8. c3 {[%emt 0:00:28]} O-O {[%emt 0:00:33]} 9. h3 {[%emt 0:00:18]} Na5 {[%emt 0:01:03]} 10. Bc2 {[%emt 0:00:25]} c5 {[%emt 0:00:16]} 11. d4 {[%emt 0:00:19]} Qc7 {[%emt 0:01:19]} 12. Nbd2 {[%emt 0:00:27]} cxd4 {[%emt 0:01:54]} 13. cxd4 {[%emt 0:00:21]} Be6 {[%emt 0:00:17]} 14. d5 {[%emt 0:14:43]} Bd7 {[%emt 0:00:07]} 15. Nf1 {[%emt 0:04:53]} h6 {[%emt 0:09:15]} 16. Ne3 {[%emt 0:02:27]} Nc4 {[%emt 0:05:26]} 17. Nxc4 {[%emt 0:07:54]} Qxc4 {[%emt 0:00:09]} 18. Bd3 {[%emt 0:00:32]} Qc7 {[%emt 0:00:16]} 19. Be3 {[%emt 0:11:50]} Rfc8 {[%emt 0:07:19]} 20. Nd2 {[%emt 0:07:19]} Bf8 {[%emt 0:11:01]} 21. Qe2 {[%emt 0:08:34]} Kh7 {[%emt 0:19:25]} 22. Nb3 {[%emt 0:04:12]} Ng8 {[%emt 0:01:44]} 23. f4 {[%emt 0:11:28]} Re8 {[%emt 0:05:57]} 24. fxe5 {[%emt 0:01:26]} dxe5 {[%emt 0:00:10]} 25. Rac1 {[%emt 0:01:10]} Qd8 {[%emt 0:07:45]} 26. Rf1 {[%emt 0:01:09]} Nf6 {[%emt 0:01:58]} 27. Qf2 {[%emt 0:02:22]} Bd6 {[%emt 0:03:28]} 28. Nc5 {[%emt 0:01:18]} Bc8 {[%emt 0:02:35]} 29. b4 {[%emt 0:00:48]} Rf8 {[%emt 0:04:04]} 30. Qf3 {[%emt 0:02:18]} Nd7 {[%emt 0:02:38]} 31. Rf2 {[%emt 0:04:11]} Qf6 {[%emt 0:02:44]} 32. Nxd7 {[%emt 0:03:20]} 1-0